Administración de riesgos E.R.M. y la auditoriía interna / (Registro nro. 172631)
[ vista simple ]
| 000 -LEADER | |
|---|---|
| fixed length control field | 01232nam a22003251 4500 |
| 001 - CONTROL NUMBER | |
| control field | bslw10045337 |
| 006 - FIXED-LENGTH DATA ELEMENTS--ADDITIONAL MATERIAL CHARACTERISTICS--GENERAL INFORMATION | |
| fixed length control field | m o d |
| 007 - PHYSICAL DESCRIPTION FIXED FIELD--GENERAL INFORMATION | |
| fixed length control field | cr un ---uuuua |
| 008 - FIXED-LENGTH DATA ELEMENTS--GENERAL INFORMATION | |
| fixed length control field | 230417s2006 ck a ob 000 0 spa d |
| 020 ## - INTERNATIONAL STANDARD BOOK NUMBER | |
| International Standard Book Number | 9789586484343 |
| 035 ## - | |
| -- | 38235 |
| 040 ## - CATALOGING SOURCE | |
| Original cataloging agency | UtOrBLW |
| Language of cataloging | eng |
| Description conventions | rda |
| Transcribing agency | UtOrBLW |
| 050 #4 - | |
| -- | HD31 |
| -- | .E88 2006 |
| 082 04 - | |
| -- | 658 |
| -- | 23 |
| 100 1# - MAIN ENTRY--PERSONAL NAME | |
| Personal name | Estupiñán Gaitán, Rodrigo, |
| Relator term | author. |
| 245 10 - TITLE STATEMENT | |
| Title | Administración de riesgos E.R.M. y la auditoriía interna / |
| Statement of responsibility, etc | Rodrigo Estupiñán Gaitán ; con la colaboración de: Miguel Antonio Cano (q.e.p.d.) [and 3 others]. |
| 264 #1 - | |
| -- | Bogotá : |
| -- | Ecoe Ediciones, |
| -- | 2006. |
| 300 ## - PHYSICAL DESCRIPTION | |
| Extent | 1 online resource (351 pages) : |
| Other physical details | illustrations |
| 336 ## - | |
| -- | text |
| -- | txt |
| -- | rdacontent |
| 337 ## - | |
| -- | computer |
| -- | c |
| -- | rdamedia |
| 338 ## - | |
| -- | online resource |
| -- | cr |
| -- | rdacarrier |
| 490 1# - SERIES STATEMENT | |
| Series statement | Colección ciencias administrativas. Contabilidad finanzas |
| 504 ## - BIBLIOGRAPHY, ETC. NOTE | |
| Bibliography, etc | Includes bibliographical references. |
| 650 #0 - SUBJECT ADDED ENTRY--TOPICAL TERM | |
| Topical term or geographic name as entry element | Industrial management. |
| 700 1# - ADDED ENTRY--PERSONAL NAME | |
| Personal name | Cano Castaño, Miguel Antonio, |
| Relator term | contributor. |
| 830 #0 - | |
| -- | Colección: Ciencias Administrativas. |
| -- | Área Contabilidad y Finanzas. |
| 856 40 - LOCALIZACIÓN Y ACCESO ELECTRÓNICO | |
| Identificador Uniforme del Recurso (URI/URL) | https://app.vlex.com/#/sources/38235 |
| 942 ## - | |
| -- | RAA |
| 999 ## - | |
| -- | 172631 |
| -- | 172631 |
No hay ítems disponibles.